Cidades mais antigas da Europa - Statistics

Estatísticas Gerais
  • Esse quiz foi jogado 146 vezes
  • A pontuação média é 3 de 18
Estatísticas das Respostas
País a.C. Resposta % Correto
Grécia 5000 Atenas
99%
Portugal 1200 Lisboa
77%
Chipre 1050 Nicósia
45%
Arménia 782 Yerevan
11%
Grécia 3500 Patra
10%
Chipre 1300 Larnaca
8%
Grécia 5000 Argos
7%
Espanha 1100 Cádiz
7%
Croácia 900 Zadar
7%
Bulgária 4000 Plovdiv
6%
Grécia 1300 Cálcis
5%
Grécia 4000 Chania
5%
Geórgia 2000 Kutaisi
4%
Grécia 3000 Trikala
4%
Geórgia 1000 Mtskheta
3%
Grécia 1100 Mitilene
2%
Grécia 1100 Quios
2%
Grécia 3000 Tebes
1%
Nenhum quiz correspondente encontrado
Distribuição das Pontuações
Porcentagem de Pessoas com Cada Pontuação
Percentil de Números Respondidos
Sua Pontuação Histórica
Você não jogou esse quiz